000 00799nam a22002537a 4500
001 64531
003 UA-OsUOA
005 20200424094557.0
007 ta
008 20091105b un ||||| |||| 00| 0 ukr d
040 _aUA-OsUOA
_bukr
_cUA-OsUOA
_dUA-OsUOA
041 _aukr
080 _a94(4)
090 _a94(4)
_bБ60
100 _aБиковський Л.
245 _aНа кавказько-турецькому фронті: спомини з 1916-1918 рр.
260 _aВінніпег
_aДенвер
_c1968
300 _a152 с.
650 7 _2UDC
_a82 Література. Літературознавство
942 _cBK
_2udc
955 _a1
999 _c350444
_d350444